France 98 - Le Trombinoscope - Statistiques

Statistiques générales
  • Ce quiz a été pris 730 fois
  • Le résultat moyen est 18 sur 23
Statistiques - réponses
Hint Réponse % Correct
Zinédine Zidane
96%
Didier Deschamps
94%
Fabien Barthez
93%
Thierry Henry
93%
Frank Lebœuf
90%
Emmanuel Petit
87%
Aimé Jacquet
87%
Lilian Thuram
86%
Laurent Blanc
86%
Patrick Vieira
85%
Marcel Desailly
85%
Bixente Lizarazu
83%
Robert Pirès
82%
David Trezeguet
81%
Bernard Lama
80%
Youri Djorkaeff
79%
Christophe Dugarry
75%
Christian Karembeu
74%
Bernard Diomède
59%
Stéphane Guivarc'h
57%
Lionel Charbonnier
55%
Vincent Candela
54%
Alain Boghossian
52%
Aucun quiz correspondant
Distribution des résultats
% des personnes avec chaque résultat
Percentile par nombre de réponses
Votre historique - résultats
Vous n’avez pas pris ce quiz